Statistics for Finish the TikTok song lyrics

Click here to take the quiz!

General Stats

  • This quiz has been taken 5,334 times
  • The average score is 2 of 15

Answer Stats

Beginning lyricEnding Lyric% Correct
Roxan RoxanAll she wanna do is party all night
65%
I’m a buff babyBut I dance like a man
61%
Martha dumped truck in the fleshHere comes the cootie squad
45%
Never thought that one dayI’d be losing you
15%
I likeBig Boys
11%
Spooky Scary SkeletonsAnd shivers down your spine
10%
I’ve been waitingFor a day like this to come
3%
Cash moneyI just hit the lottery
2%
Your tears are fallingLike snow
2%
All I want for ChristmasIs you tell the boys tell them
1%
Why don’t you play with meWhy don’t you hang with me
1%
Got cause the party ain’t stopI’m in a crop top
0%
I don’t worry about the things they sayI say I love you anyway
0%
I got musclesLike Superman trada
0%
I beTikToken while were walking
0%

Score Distribution

Percentile by Number Answered

Percent of People with Each Score

Your Score History

You have not taken this quiz